000
00283nam a22000977a 4500
082
_a
345.025
_b
CON
245
_a
The Control of Narcotic Substances Act, 1997 (XXV of 1997) Bare Act /
260
_a
Lahore :
_b
Irfan Law Book House,
_c
2015.
300
_a
44 p. ;
_c
23 cm.
942
_2
ddc
_c
BK
999
_c
592353
_d
592353